000 nam a22 a 4500
999 _c58345
_d58345
003 BLK
005 20230421110128.0
008 180408b bul|||||r ||||||| ||bul||
010 _aKNG00062381000
020 _a978-954-445-096-3
040 _aBLK
041 _aBUL
_cBUL
080 _aБългарска литература
_b821.163.2
_x-1
_z821.163.2-1
100 1 _aТенев, Тенко Кънчев
_eпърви автор
_9367027
139 _aТенев, Тенко Кънчев
_bТ 48
245 1 0 _aМелодия за двама
_bЛирика
_cТенко Кънчев Тенев.
257 _aBGR
260 _aСофия
_bХристо Ботев
_c1993
_fЯмбол : Абагар
300 _a40 с.
_bс ил.
_c20 см
380 _aX
500 _aОфс. изд. - 2025 тир.
852 _aЦб 173518
_bЦб
856 4 _qpdf
_i0.00
_ldisable
856 4 _qpdf
_i0.00
_ldisable
942 _cKNG
_n0
_s1
944 _aCR
_c24.01.2017
_kНора_Радева
944 _aED
_c24.01.2017
_kНора_Радева
999 _d58345